000 00453nam a2200145Ia 4500
005 20250320054350.0
008 240331s9999 xx 000 0 und d
082 _a302.2
_bSIV
_2963
100 _aSivakumaran, K. S
245 0 _aAspects of Culture in Shri Lanka:
_bIn Conversation with K. S. Sivakumaran
260 _aColombo,
_bK. S. Sivakumaran
_c1992
300 _axi, 119 p.,
500 _aInterviews conducted on the culture of Sri Lanka
942 _cL
999 _c1082
_d1082